| 000 | 00920 a2200289 4500 | ||
|---|---|---|---|
| 001 | 200421318 | ||
| 999 |
_c200421318 _d38485 |
||
| 003 | TR-AnTOB | ||
| 005 | 20251229142344.0 | ||
| 008 | 150212s tu 000 0 | ||
| 040 |
_aTR-AnTOB _btur _erda |
||
| 041 | 0 | _atur | |
| 050 | 0 | 0 |
_aHF1418 _b.D67 2002 |
| 090 | _aHF1418 .D67 2002 | ||
| 100 | 1 |
_aDorukkaya, Şakir _965134 |
|
| 245 | 1 | 0 |
_a100 Soruda serbest bölge rejimi, uygulaması, vergisel teşvik ve avantajları / _cŞakir Dorukkaya, Hakan Ay. |
| 246 | 1 | _aYüz soruda serbest bölge rejimi, uygulaması, vergisel teşvik ve avantajları | |
| 264 |
_aAnkara : _bTOBB, _c[2002]. |
||
| 300 |
_a160 pages ; _c27 cm |
||
| 336 |
_atext _2rdacontent |
||
| 337 |
_aunmediated _2rdamedia |
||
| 338 |
_avolume _2rdacarrier |
||
| 650 | 0 | 0 |
_aFree ports and zones _zTurkey _9104152 |
| 650 | 0 | 0 |
_aExport processing zones _zTurkey _9104153 |
| 700 | 1 |
_aAy, Hakan _965141 |
|
| 942 | _cBK | ||